Humaner Städtebau : Uberlegungen zur Wohnungspolitik uns Stadtplanung für nahe Zukunft /

I tiakina i:
Ngā taipitopito rārangi puna kōrero
Kaituhi matua: Bahrdt, Hans Paul (autor)
Hōputu: Pukapuka
Reo:German
I whakaputaina: Nymphenburger Verlagshandlung, 1972, c1972
Ngā Tūtohu: Tāpirihia he Tūtohu
Kāore He Tūtohu, Me noho koe te mea tuatahi ki te tūtohu i tēnei pūkete!

MARC

LEADER 00000nam^a2200000^a^4500
001 000554967
005 20250526000000.0
009 20260310131709.175
037 |a Acervo ITESO - Biblioteca 
041 |a ALE 
091 |a FHA. 00797 
100 |a Bahrdt, Hans Paul  |e (autor) 
245 1 0 |a Humaner Städtebau :  |b Uberlegungen zur Wohnungspolitik uns Stadtplanung für nahe Zukunft / 
264 4 |3 Munich, Alemania :  |b Nymphenburger Verlagshandlung,  |c 1972, c1972 
300 |a 232 p. ;  |c 20.5 cm. 
336 |a texto  |b txt  |2 rdacontenido 
337 |a sin mediación  |b n  |2 rdamedio 
338 |a volumen  |b nc  |2 rdasoporte 
515 |a Inventario familia Hartung: 1031 
649 |a XX 
910 |a Fondo Horst Hartung Franz 
920 |a Impresos - Libros 
930 |a Libros Antiguos y Raros 
905 |a 135 
901 |a 0500332593  |b IT2  |c LRA  |i D  |u 20250526 
902 |a https://opac.biblio.iteso.mx/vufind/Record/000554967